Mesure des ressources humaines et gestion de l'entreprise

Αποθηκεύτηκε σε:
Λεπτομέρειες βιβλιογραφικής εγγραφής
Κύριος συγγραφέας: Vatteville, Eric
Μορφή: Βιβλίο
Γλώσσα:French
Δημοσίευση: Paris : Economica, c1985
Σειρά:Collection Gestion. Serie Politique generale, finance et marketing
Θέματα:
Ετικέτες: Προσθήκη ετικέτας
Δεν υπάρχουν, Καταχωρήστε ετικέτα πρώτοι!

MARC

LEADER 00000nam a2200000 i 4500
001 1/40266
008 960207s1985 fre d
020 |a 2717809694  |c 135F 
035 |l 10025197 
040 |a GR-MY-UA  |b gre  |e aacr 
041 0 |a fre 
082 0 |a 658.3  |2 (19) 
100 1 |a Vatteville, Eric. 
245 1 0 |a Mesure des ressources humaines et gestion de l'entreprise /  |c Eric Vatteville 
260 |a Paris :   |b Economica,   |c c1985 
300 |a 286 p.;  |b ill.;  |c 24 cm 
490 1 |a Collection Gestion. Serie Politique generale, finance et marketing 
504 |a Bibliography: p. 273-282 
650 0 0 |a Personnel management. 
852 |a INST  |b CHIOS  |e 19960207  |h 658.3 VAT  |p 005200001057  |q 005200001057  |t BK  |y 0 
909 |a Χ  |b 010995